000 00588nam a22001811 4500
001 114770
003 ES-MaACL
005 20231227134111.0
007 t|
008 070326s1911 sp ||||0| spa d
100 1 _aRíos, Fernando de los,
_d1879-1949
_997398
245 1 3 _aLa filosofía política en Platón
_b: tesis doctoral /
_cpor Fernando del Río Urruti.
260 _aMadrid :
_b[s.n.],
_c1911 (
_fImp. y Est. de A. Gascon)
300 _a46 p., 1 h ;
_c21 cm.
500 _aPrecede al tít.: Facultad de Derecho.
852 _aES-MaACL
_jT-1222-F-7
999 _c114770
_d114770